000 00613nam a2200193Ia 4500
005 20260601193248.0
008 260601s9999||||xx |||||||||||||| ||und||
020 _a978-3-031-63797-1
_qebk
100 _aLuca Longo
245 0 _aExplainable Artificial Intelligence
250 _a2024
260 _aHeidelberg, Germany
_bSpringer Nature
_c2024
440 _aCommunications in Computer and Information Science
650 _aComputer Science
700 _aChristin Seifert
700 _aSebastian Lapuschkin
856 _uhttps://link.springer.com/openurl?genre=book&isbn=978-3-031-63797-1
942 _cEB
_2ddc
999 _c56626
_d56626